00618nam a2200181 a 450000100060000000300090000600800410001504000280005608200160008410000340010011000260013424500840016026000430024430000110028765000510029865000640034965000230041320211CO-ViMGA141112s2004 ck r 000 u spa d aCO-ViMGAbspacCO-ViMGA04a323.4 D333s1 aCastro Caycedo, Jose Fernando aDefensoria del pueblo10aVI Informe anual del Ciudadano Defensor del Pueblo al Congreso de Colombia 1998 aBogotá : bImprenta Nacional, c1999 a309 p.14aDEFENSOR DEL PUEBLO - COLOMBIA - INFORMES 199814aDERECHOS HUMANOS, PROMOCION Y DIVULGACION - COLOMBIA - 199814aVEEDURIA CIUDADANA